Angielskie słowa na literę Z - Statystyki

Ogólne statystyki
  • Ten quiz został rozwiązany 210 razy
  • Średni wynik to 5 z 46
Statystyki odpowiedzi
Number Odpowiedź % Poprawnych
1 z
100%
8 zebra
64%
37 zoo
49%
11 zen
36%
15 zero
36%
25 zip
28%
33 zone
26%
41 zoom
23%
5 zeal
19%
31 zombie
19%
3 zap
15%
26 zipper
9%
16 zest
7%
17 zig-zag
6%
18 zigzag
6%
9 zed
5%
21 zimmer
5%
23 zing
5%
30 zodiac
5%
7 zealous
4%
22 zinc
4%
27 zippo
4%
28 zit
4%
42 zucchini
4%
6 zealot
3%
39 zoologist
3%
40 zoology
3%
43 zulu
3%
12 zenith
2%
38 zoo-keeper
2%
2 zany
1%
10 zeit-geist
1%
13 zephyr
1%
14 zeppelin
1%
20 zillion
1%
29 zither
1%
32 zonal
1%
34 zoned
1%
35 zoning
1%
46 zygote
1%
4 zappy
0%
19 zilch
0%
24 zionism
0%
36 zonked
0%
44 zwieback
0%
45 zydeco
0%
Nie znaleziono quizów pasujących do podanych kryteriów
Rozkład punktacji
Procent ludzi z każdym wynikiem
Percentyl według liczby udzielonych odpowiedzi
Twoja historia wyników
Nie rozwiązałeś tego quizu